[Event "Pere Noel Online"]
[Site "Chess.com"]
[Date "2020.12.28"]
[Round "6"]
[White "Mitrabha, Guha"]
[Black "Bolduc, Steve"]
[Result "1-0"]
[WhiteElo "2561"]
[BlackElo "1862"]
[PlyCount "77"]
[GameId "2160767907635519"]
[EventDate "2020.12.27"]
[EventType "swiss"]
[EventRounds "6"]
[EventCountry "CAN"]

1. d4 d5 2. Nf3 e6 3. c4 c5 4. cxd5 exd5 5. g3 Nc6 6. Bg2 Nf6 7. O-O Be7 8. Nc3 O-O 9. Bg5 c4 10. Ne5 Be6 11. Nxc6 bxc6 12. b3 h6 13. Bxf6 Bxf6 14. e3 Qa5 15. Qe1 Kh8 16. bxc4 dxc4 17. Bxc6 Rab8 18. Bg2 Rb2 19. Nd5 Qxe1 20. Rfxe1 Bxd5 21. Bxd5 Rc8 22. Rab1 c3 23. Rec1 Rxb1 24. Rxb1 Be7 25. Be4 Ba3 26. Rb3 Bc1 27. Bc2 g6 28. Kf1 Bd2 29. Ke2 Rc6 30. Kd3 Ra6 31. a4 Kg7 32. Rb7 Rf6 33. f4 a6 34. e4 h5 35. e5 Rc6 36. d5 Rc5 37. Kd4 Rc8 38. e6 Kf6 39. Rxf7# 1-0

[Event "Montcalm 1 2020-21 Online"]
[Site "Quebec CAN"]
[Date "2020.11.19"]
[Round "1"]
[White "Fecteau, Martin"]
[Black "Bolduc, Steve"]
[Result "0-1"]
[WhiteElo "1845"]
[BlackElo "2212"]
[PlyCount "62"]
[GameId "2160767907635658"]
[EventDate "2020.11.19"]
[EventType "tourn"]
[EventRounds "5"]
[EventCountry "CAN"]

1. d4 d5 2. c4 e6 3. Nf3 c5 4. e3 Nf6 5. cxd5 exd5 6. Nc3 Nc6 7. Be2 a6 8. O-O Bd6 9. dxc5 Bxc5 10. Nd4 O-O 11. Nxc6 bxc6 12. Na4 Bd6 13. Qc2 Ne4 14. f3 Qh4 15. f4 Bb7 16. Nc3 Rfe8 17. Nxe4 Rxe4 18. Bf3 Re7 19. g3 Qh6 20. e4 dxe4 21. Bxe4 Rae8 22. Bf3 c5 23. f5 Qf6 24. Bd2 Bxf3 25. Rxf3 Re2 26. Qd3 c4 27. Qd5 Be5 28. Bc3 Bxc3 29. bxc3 Qb6+ 30. Qd4 Qb2 31. Raf1 Rg2+ 0-1

[Event "Montcalm 1 2020-21 Online"]
[Site "Quebec CAN"]
[Date "2020.11.26"]
[Round "2"]
[White "Dumont, Eric"]
[Black "Bolduc, Steve"]
[Result "0-1"]
[WhiteElo "1760"]
[BlackElo "2212"]
[PlyCount "90"]
[GameId "2160767907635661"]
[EventDate "2020.11.19"]
[EventType "tourn"]
[EventRounds "5"]
[EventCountry "CAN"]

1. d4 d5 2. Bf4 c5 3. e3 cxd4 4. exd4 Nc6 5. c3 Nf6 6. Bd3 Bg4 7. Nf3 e6 8. Nbd2 Bd6 9. Bg3 O-O 10. Bh4 e5 11. dxe5 Nxe5 12. Be2 Re8 13. O-O Ng6 14. Re1 Bxf3 15. Nxf3 Nxh4 16. Nxh4 Ne4 17. Nf3 Qb6 18. Nd4 Qxb2 19. Qd3 Qxc3 20. Nb5 Qf6 21. Bf3 Bc5 22. Kf1 Rad8 23. Rac1 Bb6 24. Nc7 Bxc7 25. Rxc7 Qb6 26. Rc2 Re6 27. Bg4 Rc6 28. Rce2 g6 29. g3 Qa6 30. Re3 f5 31. Bd1 Qxd3+ 32. Rxd3 Nc5 33. Rde3 Rc7 34. Bf3 Ne4 35. Bd1 d4 36. Bb3+ Kf8 37. Rd3 Rc3 38. Red1 Rxd3 39. Rxd3 Nc5 40. Rd1 Nxb3 41. axb3 d3 42. Rd2 Ke7 43. f4 Rd5 44. Kf2 Kd6 45. Ke3 Kc5 0-1

[Event "Montcalm 1 2020-21 Online"]
[Site "Quebec CAN"]
[Date "2020.12.03"]
[Round "3"]
[White "Bolduc, Steve"]
[Black "Sauve, Richard"]
[Result "1-0"]
[WhiteElo "2212"]
[BlackElo "1921"]
[PlyCount "147"]
[GameId "2160767907635664"]
[EventDate "2020.11.19"]
[EventType "tourn"]
[EventRounds "5"]
[EventCountry "CAN"]

1. e4 e6 2. d4 d5 3. Nc3 Nf6 4. e5 Nfd7 5. f4 c5 6. Nf3 Nc6 7. Be3 cxd4 8. Nxd4 Bc5 9. Qd2 O-O 10. O-O-O a6 11. Qf2 Nxd4 12. Bxd4 Qc7 13. Bd3 Bxd4 14. Qxd4 b5 15. Rhe1 Qc5 16. Ne2 b4 17. f5 Qxd4 18. Nxd4 Nc5 19. g4 a5 20. Rf1 Re8 21. fxe6 fxe6 22. Rf3 Ba6 23. Rdf1 Bxd3 24. cxd3 Rf8 25. Rxf8+ Rxf8 26. Rxf8+ Kxf8 27. Kc2 Ke8 28. Nb3 Nb7 29. d4 Kd7 30. Nc1 Kc6 31. Ne2 Nd8 32. g5 Nf7 33. h4 g6 34. Nf4 Nd8 35. Kd3 Kd7 36. Nh3 Nc6 37. Nf2 Ne7 38. Ng4 Nf5 39. h5 gxh5 40. Nf6+ Ke7 41. Nxh5 Kf7 42. Nf4 Ng3 43. Kc2 Nf5 44. Kd3 Ng3 45. a3 bxa3 46. bxa3 Ne4 47. Kc2 a4 48. Kd3 Nxg5 49. Kc3 Nf3 50. Kb4 Nxd4 51. Kxa4 Ke7 52. Nd3 h5 53. Kb4 Nc2+ 54. Kb3 Nxa3 55. Kxa3 h4 56. Nf4 Kf7 57. Kb4 Kg7 58. Kc5 Kh6 59. Kd6 Kg5 60. Nxe6+ Kg4 61. Nd4 h3 62. e6 h2 63. e7 h1=Q 64. e8=Q Qh6+ 65. Kc5 Qh5 66. Qe2+ Kh4 67. Qh2+ Kg4 68. Qg2+ Kf4 69. Ne6+ Ke3 70. Qg3+ Kd2 71. Nf4 Qf5 72. Qf2+ Kd1 73. Qe2+ Kc1 74. Nd3+ 1-0

[Event "Montcalm 1 2020-21 Online"]
[Site "Quebec CAN"]
[Date "2020.12.10"]
[Round "4"]
[White "Auger, Bertrand"]
[Black "Bolduc, Steve"]
[Result "0-1"]
[WhiteElo "1907"]
[BlackElo "2212"]
[PlyCount "52"]
[GameId "2160767907635666"]
[EventDate "2020.11.19"]
[EventType "tourn"]
[EventRounds "5"]
[EventCountry "CAN"]

1. b3 c5 2. Nf3 Nc6 3. Bb2 d6 4. g3 e5 5. d3 g6 6. c4 Bg7 7. Bg2 Nge7 8. O-O O-O 9. Nc3 a6 10. e3 b5 11. Rb1 Rb8 12. Ne1 Be6 13. Nc2 d5 14. cxd5 Nxd5 15. Ne4 Qe7 16. d4 cxd4 17. exd4 Rfd8 18. Nc5 exd4 19. Nxe6 Qxe6 20. Re1 Qf6 21. Bxd5 Rxd5 22. f4 Qd6 23. Qd3 Rd8 24. Re2 g5 25. Ba3 Qg6 26. Rd1 gxf4 0-1

[Event "Montcalm 1 2020-21 Online"]
[Site "Quebec CAN"]
[Date "2020.12.17"]
[Round "5"]
[White "Bolduc, Steve"]
[Black "Gonthier-Cummings, Eloi"]
[Result "1/2-1/2"]
[WhiteElo "2212"]
[BlackElo "1181"]
[PlyCount "67"]
[GameId "2160767907635669"]
[EventDate "2020.11.19"]
[EventType "tourn"]
[EventRounds "5"]
[EventCountry "CAN"]

1. d4 e6 2. c4 Nf6 3. Nc3 Bb4 4. e3 O-O 5. Nge2 c5 6. a3 Bxc3+ 7. Nxc3 cxd4 8. exd4 d5 9. Bg5 Re8 10. Be2 dxc4 11. O-O Nbd7 12. Bxc4 Nb6 13. Ba2 Bd7 14. Ne4 Bc6 15. Nxf6+ gxf6 16. Bh4 Kh8 17. Rc1 Rg8 18. Rxc6 bxc6 19. Qf3 Rg6 20. Bb1 Nd5 21. Re1 Rh6 22. Bg3 Qg8 23. h4 Rc8 24. Be4 f5 25. Bxd5 cxd5 26. Bf4 Qg6 27. Bxh6 Qxh6 28. g3 Rc1 29. Qe2 Rc4 30. Qe5+ Qg7 31. Qb8+ Qg8 32. Qe5+ Qg7 33. Qb8+ Qg8 34. Qe5+ 1/2-1/2

[Event "C'est un classique"]
[Site "chess.com"]
[Date "2020.05.04"]
[Round "1.3"]
[White "Bolduc, Steve"]
[Black "Wang, Rachel"]
[Result "1/2-1/2"]
[WhiteElo "2180"]
[BlackElo "1813"]
[PlyCount "82"]
[GameId "2160767907701915"]
[EventDate "2020.05.04"]
[EventType "swiss"]
[EventRounds "5"]
[EventCountry "CAN"]

1. e4 c5 2. Nf3 Nc6 3. Bb5 e6 4. g3 Nge7 5. O-O e5 6. Re1 a6 7. Bf1 Ng6 8. c3 Be7 9. d4 exd4 10. cxd4 d6 11. d5 Nce5 12. Nfd2 h5 13. f4 Ng4 14. h3 Nh6 15. Nc4 b5 16. f5 bxc4 17. fxg6 fxg6 18. Na3 Nf7 19. Nxc4 Bf6 20. Bf4 O-O 21. Rc1 Bd4+ 22. Be3 Ng5 23. Bg2 Bxe3+ 24. Rxe3 Bxh3 25. e5 dxe5 26. Nxe5 Qf6 27. Qe2 Bxg2 28. Kxg2 Rae8 29. Nd7 Qf5 30. Rxe8 Qh3+ 31. Kg1 Qxg3+ 32. Kh1 Qh3+ 33. Qh2 Qxh2+ 34. Kxh2 Rxe8 35. Nxc5 Re2+ 36. Kg3 Rxb2 37. a4 Rd2 38. Nxa6 Rxd5 39. Ra1 Ne4+ 40. Kf3 Nc5 41. Kg3 Nxa6 1/2-1/2

[Event "C'est un classique"]
[Site "chess.com"]
[Date "2020.05.17"]
[Round "2.4"]
[White "Varro, Daniel"]
[Black "Bolduc, Steve"]
[Result "0-1"]
[WhiteElo "1764"]
[BlackElo "2180"]
[PlyCount "78"]
[GameId "2160767907701928"]
[EventDate "2020.05.04"]
[EventType "swiss"]
[EventRounds "5"]
[EventCountry "CAN"]

1. d4 Nf6 2. c4 c5 3. d5 b5 4. cxb5 a6 5. e3 g6 6. Nc3 Bg7 7. Nf3 O-O 8. a4 axb5 9. Bxb5 d6 10. e4 Ba6 11. Bxa6 Nxa6 12. O-O Qb6 13. Rb1 Rfb8 14. Bd2 Nb4 15. Qe2 Qa6 16. Qxa6 Rxa6 17. b3 Rab6 18. Nb5 Nxe4 19. Bxb4 cxb4 20. Rfe1 Nc3 21. Nxc3 bxc3 22. Rxe7 Rxb3 23. Rbe1 Bf6 24. Rc7 Ra8 25. h4 Rxa4 26. Re8+ Kg7 27. Ng5 Rb1+ 28. Kh2 Rxh4+ 29. Nh3 Rhb4 30. Ra8 Rb7 31. Rcc8 h6 32. Rh8 Be5+ 33. f4 c2 34. fxe5 dxe5 35. Rhg8+ Kf6 36. Ra6+ Kf5 37. Nf2 c1=Q 38. g4+ Kg5 39. Ne4+ Kh4 0-1

[Event "C'est un classique"]
[Site "chess.com"]
[Date "2020.05.24"]
[Round "3.3"]
[White "Bolduc, Steve"]
[Black "Latorre, Vincent"]
[Result "0-1"]
[WhiteElo "2180"]
[BlackElo "1975"]
[PlyCount "65"]
[GameId "2160767907701939"]
[EventDate "2020.05.04"]
[EventType "swiss"]
[EventRounds "5"]
[EventCountry "CAN"]

1. e4 c5 2. Nf3 d6 3. d4 cxd4 4. Nxd4 Nf6 5. Nc3 g6 6. f3 Bg7 7. Be3 O-O 8. Qd2 Nc6 9. Bc4 Bd7 10. O-O-O Rb8 11. Bb3 Na5 12. h4 b5 13. h5 Nc4 14. Bxc4 bxc4 15. g4 Qb6 16. Qh2 e5 17. Nf5 Qxb2+ 18. Kd2 gxf5 19. gxf5 h6 20. Rhg1 Kh7 21. Qg2 Bh8 22. Qh3 Qb7 23. Rg6 fxg6 24. hxg6+ Kg8 25. Bxh6 Bc6 26. Rh1 Bg7 27. Bg5 Rbd8 28. Qf1 d5 29. exd5 Bxd5 30. Kc1 Qb4 31. Bd2 Qa3+ 32. Kd1 Qd6 33. Nxd5 0-1

[Event "C'est un classique"]
[Site "chess.com"]
[Date "2020.05.31"]
[Round "4.4"]
[White "Adam, Rafael"]
[Black "Bolduc, Steve"]
[Result "1-0"]
[WhiteElo "1910"]
[BlackElo "2180"]
[PlyCount "58"]
[GameId "2160767907701949"]
[EventDate "2020.05.04"]
[EventType "swiss"]
[EventRounds "5"]
[EventCountry "CAN"]

1. d4 Nf6 2. Bg5 Ne4 3. Bf4 c5 4. f3 Qa5+ 5. c3 Nf6 6. d5 Qb6 7. Bc1 d6 8. e4 g6 9. Nd2 Bg7 10. Nc4 Qc7 11. a4 b6 12. g4 O-O 13. Ne2 Nbd7 14. g5 Ne8 15. h4 Ba6 16. Ng3 Bxc4 17. Bxc4 Ne5 18. Be2 c4 19. h5 e6 20. f4 Nd3+ 21. Bxd3 cxd3 22. Qxd3 Qd7 23. dxe6 fxe6 24. hxg6 hxg6 25. f5 Be5 26. fxg6 Ng7 27. Ne2 Rfd8 28. Bf4 Qe8 29. Rh6 Qc6 1-0

[Event "Varennes int."]
[Site "Varennes CAN"]
[Date "2017.10.06"]
[Round "1.21"]
[White "Bolduc, Steve"]
[Black "Martin, Steve"]
[Result "1/2-1/2"]
[WhiteElo "2173"]
[BlackElo "1867"]
[PlyCount "77"]
[GameId "2160767908325994"]
[EventDate "2017.10.06"]
[EventType "swiss"]
[EventRounds "5"]
[EventCountry "CAN"]
[SourceTitle "hb 2017"]

1. d4 f5 2. Nc3 Nf6 3. Bg5 d5 4. Bxf6 exf6 5. e3 c6 6. g3 Qb6 7. Rb1 Be6 8. Nge2 Bd6 9. Bh3 Kf7 10. O-O g6 11. Na4 Qa5 12. c3 Nd7 13. b4 Qa6 14. Nc5 Nxc5 15. bxc5 Bc7 16. Nf4 Bxf4 17. exf4 b5 18. Rb2 Qa5 19. Re1 Qxc3 20. Rb3 Qc4 21. Bf1 Qa4 22. Qd2 Rhe8 23. Ree3 Qa6 24. a4 Bd7 25. axb5 cxb5 26. Ra3 Qb7 27. Qa5 a6 28. Reb3 Bc6 29. Bd3 Bd7 30. h4 Bc6 31. Ra1 Bd7 32. Rba3 Re6 33. Kf1 Kg7 34. h5 Qb8 35. Kg2 Qb7 36. Rh1 Qb8 37. h6+ Kf7 38. Rha1 Qb7 39. Qd2 1/2-1/2

[Event "Varennes int."]
[Site "Varennes CAN"]
[Date "2017.10.07"]
[Round "2.14"]
[White "Zhong, Kevin"]
[Black "Bolduc, Steve"]
[Result "0-1"]
[WhiteElo "1822"]
[BlackElo "2173"]
[PlyCount "68"]
[GameId "2160767908330112"]
[EventDate "2017.10.06"]
[EventType "swiss"]
[EventRounds "5"]
[EventCountry "CAN"]
[SourceTitle "hb 2017"]

1. e4 c5 2. Ne2 Nc6 3. Nbc3 g6 4. g3 Bg7 5. Bg2 d6 6. d3 Nf6 7. h3 Rb8 8. f4 O-O 9. O-O Qc7 10. g4 b5 11. g5 Nh5 12. f5 Be5 13. Nd5 Qd8 14. Bf3 e6 15. Bxh5 exd5 16. Bg4 Nd4 17. f6 h6 18. c3 Nxe2+ 19. Qxe2 dxe4 20. dxe4 Re8 21. Bxc8 Qxc8 22. Qg4 Re6 23. Bf4 Qb7 24. Be3 Rbe8 25. Qf3 b4 26. Rab1 Qa6 27. cxb4 cxb4 28. h4 h5 29. Qf2 Qd3 30. Qf3 Bd4 31. Bxd4 Qxd4+ 32. Qf2 Qxe4 33. Kh2 Qc4 34. Rfe1 Re2 0-1

[Event "Varennes int."]
[Site "Varennes CAN"]
[Date "2017.10.07"]
[Round "3.7"]
[White "Bolduc, Steve"]
[Black "Ortiz Suarez, Isan Reynaldo"]
[Result "0-1"]
[WhiteElo "2173"]
[BlackElo "2528"]
[PlyCount "62"]
[GameId "2160767908330134"]
[EventDate "2017.10.06"]
[EventType "swiss"]
[EventRounds "5"]
[EventCountry "CAN"]

1. d4 Nf6 2. Bg5 d5 3. e3 Nbd7 4. Nf3 g6 5. Be2 Bg7 6. O-O O-O 7. c4 dxc4 8. Bxc4 c5 9. Nc3 a6 10. Bb3 b5 11. a4 c4 12. Bc2 b4 13. Ne4 Bb7 14. Nxf6+ Nxf6 15. Qe2 Rc8 16. e4 a5 17. Rfd1 Nd7 18. e5 Bd5 19. Nd2 f6 20. exf6 exf6 21. Bh4 Re8 22. Qg4 Qc7 23. Nf1 f5 24. Qg5 b3 25. Bb1 c3 26. bxc3 Qxc3 27. Bd3 b2 28. Rab1 Ba2 29. Qg3 Bxb1 30. Rxb1 Qxd4 31. Bg5 Rc3 0-1

[Event "Varennes int."]
[Site "Varennes CAN"]
[Date "2017.10.08"]
[Round "4.15"]
[White "Couture, Jonathan"]
[Black "Bolduc, Steve"]
[Result "0-1"]
[WhiteElo "1947"]
[BlackElo "2173"]
[PlyCount "88"]
[GameId "2160767908330169"]
[EventDate "2017.10.06"]
[EventType "swiss"]
[EventRounds "5"]
[EventCountry "CAN"]
[SourceTitle "hb 2017"]

1. e4 c5 2. b4 cxb4 3. a3 d5 4. exd5 Qxd5 5. Nf3 e6 6. axb4 Bxb4 7. Na3 Nc6 8. Nb5 Qd8 9. c3 Be7 10. d4 Nf6 11. Bd3 O-O 12. Qc2 h6 13. O-O a6 14. Re1 Bd7 15. Na3 Rc8 16. Nc4 b5 17. Nce5 Nb4 18. Qd2 Nxd3 19. Qxd3 Qb6 20. Ba3 Bxa3 21. Rxa3 Bc6 22. Nxc6 Rxc6 23. Ne5 Rd6 24. Rea1 Qb7 25. c4 Rfd8 26. cxb5 Rxd4 27. Qb3 Qxb5 28. Qxb5 axb5 29. Kf1 Rd1+ 30. Ke2 Rxa1 31. Rxa1 Nd5 32. Nd3 b4 33. Ra7 Rb8 34. Kd2 g5 35. g3 Kg7 36. Kc2 Kf6 37. Kb3 Rc8 38. Ka4 Rc3 39. Nxb4 Rc4 40. Rb7 g4 41. Kb3 Rxb4+ 42. Rxb4 Nxb4 43. Kxb4 Ke5 44. Kc5 Ke4 0-1

[Event "Quebec op"]
[Site "Ste-Foy CAN"]
[Date "2017.08.13"]
[Round "2"]
[White "Bolduc, Steve"]
[Black "Tanaka, Tyler"]
[Result "1-0"]
[WhiteElo "2181"]
[BlackElo "2004"]
[PlyCount "77"]
[GameId "2160767908347197"]
[EventDate "2017.08.12"]
[EventType "swiss"]
[EventRounds "9"]
[EventCountry "CAN"]
[SourceTitle "CBM 180 Extra"]
[Source "ChessBase"]
[SourceDate "2017.10.06"]
[SourceVersion "1"]
[SourceVersionDate "2017.10.06"]
[SourceQuality "1"]

1. d4 Nf6 2. Bg5 c5 3. d5 Qb6 4. Nc3 d6 5. e4 h6 6. Bd2 g6 7. Bb5+ Nbd7 8. a4 Bg7 9. Nf3 O-O 10. h3 e6 11. O-O exd5 12. exd5 Qc7 13. Be3 Re8 14. Qd2 Kh7 15. Rfe1 Ne4 16. Nxe4 Rxe4 17. Bd3 Re7 18. Bf4 Nf6 19. c4 Bf5 20. Bxf5 gxf5 21. Nh4 Ne4 22. Qc2 Qd7 23. g4 Bd4 24. Nxf5 Rg8 25. Nxd4 Rxg4+ 26. hxg4 Qxg4+ 27. Bg3 cxd4 28. Rad1 f5 29. Rxd4 h5 30. Rdxe4 fxe4 31. Qe2 Qg6 32. Kg2 e3 33. Rh1 Qe4+ 34. Qf3 e2 35. Qxe4+ Rxe4 36. Re1 h4 37. Bxd6 Rxc4 38. Rxe2 Rxa4 39. Rd2 1-0

[Event "Quebec op"]
[Site "Ste-Foy CAN"]
[Date "2017.08.13"]
[Round "3"]
[White "Mikhalevski, Victor"]
[Black "Bolduc, Steve"]
[Result "1-0"]
[WhiteElo "2533"]
[BlackElo "2181"]
[PlyCount "85"]
[GameId "2160767908347217"]
[EventDate "2017.08.12"]
[EventType "swiss"]
[EventRounds "9"]
[EventCountry "CAN"]
[SourceTitle "CBM 180 Extra"]
[Source "ChessBase"]
[SourceDate "2017.10.06"]
[SourceVersion "1"]
[SourceVersionDate "2017.10.06"]
[SourceQuality "1"]

1. Nf3 c5 2. g3 b6 3. Bg2 Bb7 4. O-O Nf6 5. b3 g6 6. Bb2 Bg7 7. e3 O-O 8. d4 cxd4 9. exd4 d5 10. Re1 Nc6 11. Nbd2 Rc8 12. a3 Qc7 13. c4 Na5 14. c5 Ne4 15. b4 Nxd2 16. Nxd2 bxc5 17. bxa5 cxd4 18. f4 Ba6 19. Nf3 d3 20. Bxg7 Kxg7 21. Qd2 e6 22. Bf1 Qc5+ 23. Kh1 Qb5 24. Ne5 Rc2 25. Qxc2 dxc2 26. Bxb5 Bxb5 27. a4 Ba6 28. Nc6 Rc8 29. Nb4 Be2 30. Rxe2 c1=Q+ 31. Rxc1 Rxc1+ 32. Kg2 Rc4 33. Rb2 Kf6 34. Nd3 Rxa4 35. Rb7 Rxa5 36. Ne5 Kg7 37. Nxf7 Ra6 38. Ng5+ Kg8 39. Nxh7 Ra2+ 40. Kh3 a5 41. Kg4 Rxh2 42. Nf6+ Kf8 43. Kg5 1-0

[Event "Quebec op"]
[Site "Ste-Foy CAN"]
[Date "2017.08.14"]
[Round "4.5"]
[White "Bolduc, Steve"]
[Black "Yao, Sammy"]
[Result "1/2-1/2"]
[WhiteElo "2181"]
[BlackElo "1965"]
[PlyCount "46"]
[GameId "2160767908347236"]
[EventDate "2017.08.12"]
[EventType "swiss"]
[EventRounds "9"]
[EventCountry "CAN"]

1. d4 d6 2. e4 g6 3. Nc3 Bg7 4. Be3 a6 5. Nf3 b5 6. Bd3 Bb7 7. O-O Nd7 8. Ne2 e5 9. c3 Ngf6 10. Ng3 O-O 11. Re1 c5 12. h3 Qc7 13. Qd2 Rfe8 14. Bh6 Bh8 15. d5 c4 16. Bc2 a5 17. Rac1 Rab8 18. Nh2 Ba6 19. Ng4 Nxg4 20. hxg4 Bf6 21. Bg5 Bg7 22. Bh6 Bf6 23. Bg5 Bg7 1/2-1/2

[Event "Quebec op"]
[Site "Ste-Foy CAN"]
[Date "2017.08.15"]
[Round "5.6"]
[White "Dube, Daniel"]
[Black "Bolduc, Steve"]
[Result "1/2-1/2"]
[WhiteElo "1623"]
[BlackElo "2181"]
[PlyCount "65"]
[GameId "2160767908347248"]
[EventDate "2017.08.12"]
[EventType "swiss"]
[EventRounds "9"]
[EventCountry "CAN"]

1. e4 c5 2. Nf3 Nc6 3. d4 cxd4 4. Nxd4 g6 5. Nc3 Bg7 6. Be3 Nf6 7. Be2 O-O 8. Nb3 a5 9. a4 d5 10. exd5 Nb4 11. Bf3 e6 12. O-O exd5 13. Nd4 Re8 14. Ncb5 Ne4 15. c3 Nc6 16. Bf4 Be5 17. Bxe5 Nxe5 18. Be2 Bd7 19. f4 Nc4 20. Bxc4 dxc4 21. f5 Qg5 22. Qc1 Qxc1 23. Raxc1 Bxb5 24. fxg6 hxg6 25. Nxb5 Rad8 26. Rcd1 Rxd1 27. Rxd1 Nc5 28. Na3 Nxa4 29. Nxc4 Re2 30. Rd5 b6 31. Rb5 Re6 32. Kf2 Kf8 33. Ne3 1/2-1/2

[Event "Quebec op"]
[Site "Ste-Foy CAN"]
[Date "2017.08.16"]
[Round "6.6"]
[White "Bolduc, Steve"]
[Black "Couture, Jonathan"]
[Result "1-0"]
[WhiteElo "2181"]
[BlackElo "1945"]
[PlyCount "63"]
[GameId "2160767908347268"]
[EventDate "2017.08.12"]
[EventType "swiss"]
[EventRounds "9"]
[EventCountry "CAN"]

1. d4 g6 2. c4 Bg7 3. Nc3 d6 4. e4 e5 5. Nf3 Nd7 6. Be2 Ne7 7. O-O O-O 8. dxe5 Nxe5 9. Nd4 N7c6 10. Be3 Nxd4 11. Bxd4 Be6 12. f4 Nc6 13. Bxg7 Kxg7 14. f5 Bd7 15. f6+ Kh8 16. Qd2 Rg8 17. Qg5 Qf8 18. Nd5 h6 19. Qg3 Nd4 20. Bd3 Ne6 21. Ne7 Re8 22. Nxg8 Kxg8 23. e5 Kh7 24. Rae1 dxe5 25. Rxe5 Qd6 26. Rfe1 Rd8 27. Rd5 Qb6+ 28. Qf2 Qxf2+ 29. Kxf2 c6 30. Rd6 Bc8 31. Rxd8 Nxd8 32. Re8 1-0

[Event "Quebec op"]
[Site "Ste-Foy CAN"]
[Date "2017.08.17"]
[Round "7"]
[White "Perez Rodriguez, Luis Manuel"]
[Black "Bolduc, Steve"]
[Result "1-0"]
[WhiteElo "2364"]
[BlackElo "2181"]
[PlyCount "73"]
[GameId "2160767908347282"]
[EventDate "2017.08.12"]
[EventType "swiss"]
[EventRounds "9"]
[EventCountry "CAN"]
[SourceTitle "CBM 180 Extra"]
[Source "ChessBase"]
[SourceDate "2017.10.06"]
[SourceVersion "1"]
[SourceVersionDate "2017.10.06"]
[SourceQuality "1"]

1. e4 c5 2. c3 e6 3. d4 d5 4. exd5 exd5 5. Nf3 Be7 6. Bb5+ Bd7 7. Bxd7+ Nxd7 8. dxc5 Nxc5 9. O-O Nf6 10. Nd4 Qd7 11. Qf3 Qg4 12. Qxg4 Nxg4 13. Nf5 Bf6 14. Re1+ Kd7 15. Rd1 Rad8 16. Na3 g6 17. Ne3 Nxe3 18. Bxe3 Kc6 19. Nc2 a5 20. Bd4 Bxd4 21. Nxd4+ Kb6 22. f3 Rhe8 23. Kf2 Ne6 24. Rd2 Nxd4 25. Rxd4 Rd6 26. Rad1 Kc5 27. a4 Red8 28. R1d2 b5 29. axb5 Kxb5 30. b3 Kc5 31. Ra2 Kb5 32. Rda4 Rb8 33. Rxa5+ Kc6 34. b4 d4 35. Ra6+ Rb6 36. c4 Kd7 37. Ra7+ 1-0

[Event "Quebec op"]
[Site "Ste-Foy CAN"]
[Date "2017.08.18"]
[Round "8.7"]
[White "Bolduc, Steve"]
[Black "Gras, Guillaume"]
[Result "1-0"]
[WhiteElo "2181"]
[BlackElo "2061"]
[PlyCount "95"]
[GameId "2160767908347303"]
[EventDate "2017.08.12"]
[EventType "swiss"]
[EventRounds "9"]
[EventCountry "CAN"]

1. d4 g6 2. c4 Bg7 3. e4 c5 4. d5 d6 5. Bd3 Nf6 6. h3 O-O 7. Nf3 e6 8. Nc3 Nbd7 9. O-O e5 10. a3 h6 11. b4 Kh8 12. Nd2 Nh5 13. Re1 b6 14. Nb3 Nf4 15. Bf1 g5 16. Rb1 a6 17. g3 Rg8 18. Kh2 Qf6 19. Be3 Qg6 20. bxc5 bxc5 21. Nd2 Bf6 22. Qa4 Nb8 23. Ne2 Nd3 24. Red1 Qh5 25. Ng1 Nf4 26. f3 g4 27. gxf4 exf4 28. Bxf4 Be5 29. Bxe5+ Qxe5+ 30. f4 Qxf4+ 31. Kh1 gxh3 32. Qb3 Qf2 33. Qc3+ f6 34. Ndf3 Nd7 35. Qe1 Qa2 36. Qh4 Rg6 37. Nxh3 Ne5 38. Nxe5 dxe5 39. Qf2 Qxa3 40. Rd3 Qa5 41. Be2 Qa2 42. Rg1 Rxg1+ 43. Nxg1 f5 44. Qh4 Qxc4 45. Qxh6+ Kg8 46. Rg3+ Kf7 47. Rg7+ Kf8 48. Qh8# 1-0

[Event "Quebec op"]
[Site "Ste-Foy CAN"]
[Date "2017.08.19"]
[Round "9.3"]
[White "Bolduc, Steve"]
[Black "Sambuev, Bator"]
[Result "0-1"]
[WhiteElo "2181"]
[BlackElo "2522"]
[PlyCount "48"]
[GameId "2160767908347316"]
[EventDate "2017.08.12"]
[EventType "swiss"]
[EventRounds "9"]
[EventCountry "CAN"]

1. d4 e6 2. e4 d5 3. Nc3 Bb4 4. e5 c5 5. a3 Bxc3+ 6. bxc3 Ne7 7. Qg4 Qc7 8. Qxg7 Rg8 9. Qxh7 cxd4 10. Ne2 Nbc6 11. f4 dxc3 12. h4 Bd7 13. Rh3 d4 14. h5 O-O-O 15. h6 Rg6 16. Rg3 Nf5 17. Rxg6 fxg6 18. g4 d3 19. gxf5 d2+ 20. Bxd2 cxd2+ 21. Kd1 Qb6 22. Kxd2 Nd4 23. Qe7 Ba4 24. Kc1 Nb3+ 0-1

[Event "CAN-ch"]
[Site "Montreal CAN"]
[Date "2017.06.27"]
[Round "1.11"]
[White "Lecomte, Andre"]
[Black "Bolduc, Steve"]
[Result "1/2-1/2"]
[WhiteElo "1947"]
[BlackElo "2198"]
[PlyCount "232"]
[GameId "2160767908410831"]
[EventDate "2017.06.27"]
[EventType "swiss"]
[EventRounds "9"]
[EventCountry "CAN"]
[WhiteTeam "Kanada"]
[BlackTeam "Kanada"]
[WhiteTeamCountry "CAN"]
[BlackTeamCountry "CAN"]

1. e4 Nf6 2. e5 Nd5 3. c4 Nb6 4. d4 d6 5. exd6 cxd6 6. Nf3 g6 7. Be3 Bg7 8. Nbd2 O-O 9. Bd3 e5 10. Nb3 e4 11. Bxe4 Nxc4 12. Qe2 d5 13. Bd3 Nxe3 14. fxe3 Nc6 15. O-O Bg4 16. Rae1 Qd6 17. Qf2 Rae8 18. h3 Bxf3 19. Qxf3 f5 20. Qf4 Qxf4 21. Rxf4 Bh6 22. Rf3 Re7 23. g3 Nd8 24. Kf2 Nf7 25. h4 Nd6 26. Ke2 Ne8 27. Nd2 Nf6 28. Nf1 Rfe8 29. Kd2 Ng4 30. Bb1 Kf7 31. Bd3 a6 32. Bc2 Ke6 33. Bd3 Kd6 34. Bb1 Bg7 35. Rc1 Bxd4 36. exd4 Re2+ 37. Kd3 Nf2+ 38. Rxf2 Rxf2 39. b3 h6 40. Rd1 g5 41. hxg5 hxg5 42. b4 b5 43. Kc3 f4 44. gxf4 Rxf4 45. Bg6 Rg8 46. Bd3 Rc8+ 47. Kb3 Rh8 48. a4 Rh3 49. axb5 axb5 50. Kc2 Rxd4 51. Bxb5 Rxb4 52. Be2 Rf4 53. Kd2 d4 54. Ra1 g4 55. Ra6+ Ke5 56. Rg6 Kf5 57. Rg8 Rh4 58. Ng3+ Ke5 59. Re8+ Kd6 60. Rd8+ Ke7 61. Rg8 Rh3 62. Nf1 Rh4 63. Rg7+ Kf8 64. Rg5 Kf7 65. Ng3 Rh2 66. Rf5+ Rxf5 67. Nxf5 Kf6 68. Nxd4 Ke5 69. Nc2 Kf4 70. Ne1 g3 71. Nd3+ Ke4 72. Ne1 Rf2 73. Nd3 Rf8 74. Ne1 Rd8+ 75. Bd3+ Kf4 76. Ke2 Re8+ 77. Kf1 Kg4 78. Bb5 Re7 79. Ba6 Kh3 80. Nf3 Rc7 81. Ng1+ Kh2 82. Nf3+ Kh1 83. Bd3 g2+ 84. Ke2 Re7+ 85. Kd2 g1=Q 86. Nxg1 Kxg1 87. Kc1 Kf2 88. Kb2 Ke3 89. Bc2 Kd2 90. Bb1 Ra7 91. Ba2 Rb7+ 92. Ka1 Kc3 93. Be6 Rb5 94. Bf7 Kc2 95. Ba2 Kc1 96. Bf7 Rb1+ 97. Ka2 Rb7 98. Bg6 Ra7+ 99. Kb3 Rg7 100. Bf5 Rg2 101. Be4 Rb2+ 102. Kc3 Rb8 103. Bf5 Rb7 104. Be4 Re7 105. Bg6 Re3+ 106. Kd4 Kd2 107. Be4 Ra3 108. Ke5 Ke3 109. Bf5 Ra6 110. Be6 Ra1 111. Kf6 Rg1 112. Bf5 Kf4 113. Bg6 Ra1 114. Bf7 Ra7 115. Be6 Ra6 116. Kf7 Rxe6 1/2-1/2